Norway or Sweden - Statistics

General Stats
  • This quiz has been taken 86 times
    80 since last reset
  • The average score is 11 of 15
Answer Stats
Question Answer % Correct
Has more colours in its flag? Norway
89%
Has a bridge connecting to Denmark? Sweden
85%
Has more population? Sweden
81%
Is in the European Union? Sweden
81%
Has more immigrants? Sweden
81%
Has more GDP per capita? Norway
78%
Has more coastline? Norway
78%
Is larger by area? Sweden
74%
Borders the Baltic Sea? Sweden
74%
Has better HDI? Norway
67%
Joined NATO sooner? Norway
67%
Has more GDP? Sweden
59%
Has a better army? Sweden
59%
Has a greater percentage of people living in urban areas? Sweden
59%
Has more islands? Sweden
44%
No matching quizzes found
Score Distribution
Percent of People with Each Score
Percentile by Number Answered
Your Score History
You have not taken this quiz since the last reset